Statistiques concernant 15 pays oú l'on boit le plus de vin par habitant

Cliquez ici pour prendre le quiz!

Statistiques générales

  • Ce quiz a été pris 105 fois
  • Le résultat moyen est 9 sur 15

Statistiques - réponses

litres par habitant Pays % Correct
43.1France
100%
34.1Italie
99%
28.5Grece
81%
43.7Portugal
77%
37Suisse
70%
29.4Autriche
65%
27.4Roumanie
62%
46.9Croatie
58%
56.9Andorre
54%
42.5Slovenie
54%
25.7Suède
51%
56.2Vatican
48%
40.4Macedoine
34%
30.7Moldavie
32%
28.1Uruguay
4%

Distribution des résultats

Percentile by Number Answered

% des personnes avec chaque résultat

Votre développement - résultats

Vous n’avez pas pris ce quiz